000
00309 a2200157 4500
001
174637
020
_a
040
_c
Magnum
100
_a
Góes, Lúcia Pimentel
240
1
0
_a
O dedal da vovo
_l
por
245
1
0
_a
O dedal da vovo
362
0
_a
1899
440
1
_a
FTD
697
_a
I/GERAL
942
_c
BK
999
_c
174637
_d
174637